| 000 | 00719nam a2200193 a 4500 | ||
|---|---|---|---|
| 001 | 000009264 | ||
| 005 | 20200929161533.0 | ||
| 008 | 090929s1972 dr a 001 0 spa d | ||
| 040 | _aDO-SdBNP | ||
| 082 |
_axxxx _bA532e |
||
| 110 | 1 |
_aInstituto Americano de Banca _923979 |
|
| 245 | 0 | 0 |
_aAnálisis de estados financieros / _ctraductor Francisco Díaz Morales. |
| 260 |
_aSanto Domingo : _bSección de la Asociación Americana de Banqueros, _c1972. |
||
| 300 |
_a653 p. : _bil. ; _c21 cm. |
||
| 500 | _aVersión en español auspiciada por el capítulo A.I.B. Santo Domingo, República Dominicana. | ||
| 500 | _aIncluye notas al pie de las páginas | ||
| 700 | 1 |
_aDíaz Morales, Francisco _etrad. _923980 |
|
| 049 | _aBNPD | ||
| 999 |
_c9026 _d9026 |
||